Repertorium litterarum graecarum : (Record no. 5197)
[ view plain ]
| 000 -CABECERA | |
|---|---|
| campo de control de longitud fija | 00924nam a2200241 a 4500 |
| 001 - NÚMERO DE CONTROL | |
| campo de control | 000005397 |
| 005 - FECHA Y HORA DE LA ÚLTIMA TRANSACCIÓN | |
| campo de control | 20200929151651.0 |
| 008 - DATOS DE LONGITUD FIJA--INFORMACIÓN GENERAL | |
| campo de control de longitud fija | 090819s1982 sp 000 0 eng d |
| 020 ## - NÚMERO INTERNACIONAL ESTÁNDAR DEL LIBRO | |
| Número Internacional Estándar del Libro | 843008374X |
| 040 ## - FUENTE DE LA CATALOGACIÓN | |
| Centro catalogador/agencia de origen | DO-SdBNP |
| Lengua de catalogación | eng |
| Centro/agencia transcriptor | BNPHU |
| 082 ## - NÚMERO DE LA CLASIFICACIÓN DECIMAL DEWEY | |
| Número de clasificación | R016.88 |
| Número de documento/Ítem | F137r |
| 100 1# - ENTRADA PRINCIPAL--NOMBRE DE PERSONA | |
| Nombre de persona | Facal, Javier L. |
| 9 (RLIN) | 15312 |
| 245 10 - MENCIÓN DE TÍTULO | |
| Título | Repertorium litterarum graecarum : |
| Resto del título | ex codicibus, papyris, epigraphis. / |
| Mención de responsabilidad, etc. | Javier L. Facal, Aníbal González ; colaboración Theodore F. Brunner, Luci Berkowitz, Karl Squetier,. |
| 260 ## - PUBLICACIÓN, DISTRIBUCIÓN, ETC. | |
| Lugar de publicación, distribución, etc. | Madrid, España : |
| Nombre del editor, distribuidor, etc. | Instituto Antonio de Nebrija del CSIC, |
| Fecha de publicación, distribución, etc. | 1982. |
| 300 ## - DESCRIPCIÓN FÍSICA | |
| Extensión | 411 p. ; |
| Dimensiones | 22 cm. |
| 650 #4 - PUNTO DE ACCESO ADICIONAL DE MATERIA--TÉRMINO DE MATERIA | |
| Término de materia o nombre geográfico como elemento de entrada | Literatura griega |
| Subdivisión general | Bibliografías |
| 9 (RLIN) | 15313 |
| 650 #4 - PUNTO DE ACCESO ADICIONAL DE MATERIA--TÉRMINO DE MATERIA | |
| Término de materia o nombre geográfico como elemento de entrada | Manuscritos griegos |
| Subdivisión general | Bibliografías |
| 9 (RLIN) | 15314 |
| 650 #4 - PUNTO DE ACCESO ADICIONAL DE MATERIA--TÉRMINO DE MATERIA | |
| Término de materia o nombre geográfico como elemento de entrada | Inscripciones griegas |
| 9 (RLIN) | 15315 |
| 700 1# - PUNTO DE ACCESO ADICIONAL--NOMBRE DE PERSONA | |
| Nombre de persona | González, Aníbal |
| 9 (RLIN) | 15316 |
| 700 1# - PUNTO DE ACCESO ADICIONAL--NOMBRE DE PERSONA | |
| Nombre de persona | Brunner, Theodore F. |
| 9 (RLIN) | 15317 |
| 700 1# - PUNTO DE ACCESO ADICIONAL--NOMBRE DE PERSONA | |
| Nombre de persona | Berkowitz, Luci |
| 9 (RLIN) | 15318 |
| 700 1# - PUNTO DE ACCESO ADICIONAL--NOMBRE DE PERSONA | |
| Nombre de persona | Squetier, karl |
| 9 (RLIN) | 15319 |
| Estado de retiro | Estado de pérdida | Restricciones de uso | No para préstamo | Código de colección | Localización permanente | Ubicación/localización actual | Ubicación en estantería | Fecha de adquisición | Número de inventario | Total de préstamos | Signatura topográfica completa | Código de barras | Fecha visto por última vez | Precio válido a partir de | Tipo de ítem Koha |
|---|---|---|---|---|---|---|---|---|---|---|---|---|---|---|---|
| Excluido de préstamo | Monografías: Libros y Folletos | General | General | Depósito | 19.08.2009 | LF1 | R016.88 F137r | 5397-10 | 25.06.2020 | 25.06.2020 | No se presta |
